000 00654nam a2200217Ia 4500
003 GCL
008 140319s9999 xx 000 0 ara d
040 _aGCL /
_cGCL
082 0 4 _a215.3
_bى ب
100 1 _aخليل احمد خليل
245 1 0 _aبنى المقدس عند العرب قبل الاسلام وبعده /
_cخليل احمد خليل
700 1 _aيوسف شلحد
260 _a[S.N] :
_bدار الطليعة ،
_c1996
300 _a191 ص
490 _a
650 0 4 _aالاماكن المقدسة
650 0 4 _aالقدس
650 0 4 _aفتح بيت المقدس
650 0 4 _aالقدس - تاريخ
942 _2ddc
_cBK
999 _c34483
_d34483